000 00463nam a2200193 a 4500
001 1773743034380
003 ACL
005 20260317155642.0
008 260317s1998##################000#0#eng##
020 _a9780684856940
082 0 4 _a641.814
_bBAY
100 1 _aBayless, Rick,
_eauthor.
245 1 0 _aSalsas That Cook :
260 _bSimon and Schuster,
_c1998.
300 _a132 pages
650 0 _aCooking.
942 _cENGLISH
040 _aACL
_beng
_cACL
999 _c617780
_d617780